00378nam a2200109Ia 4500008004100000082002200041100002200063245001200085260003900097300000900136650012300145211119s9999||||xx |||||||||||||| ||und|| a894.812 3 bDUR-J aDurrell, Lawrence 0aJustine bMathrubhoomi BooksaKottayamc2008 a179p aLiterature & rhetoricv Literatures of other languagesAltaic, Uralic, Hyperborean & Dravidian MalayalamxGeneral Stack